Historiadores de Indias / (Record no. 177562)

MARC details
000 -LEADER
campo de control de longitud fija 00687nam a22001935i 4500
001 - NÚMERO DE CONTROL
campo de control 177562
003 - IDENTIFICADOR DE NÚMERO DE CONTROL
campo de control ES-MaACL
005 - FECHA Y HORA DE LA ÚLTIMA TRANSACCIÓN
campo de control 20250730153639.0
008 - DATOS DE LONGITUD FIJA--INFORMACIÓN GENERAL
campo de control de longitud fija 110401s1987 sp |||| | spa d
020 ## - NÚMERO INTERNACIONAL ESTÁNDAR DEL LIBRO
Número Internacional Estándar del Libro 84-7069-427-8
080 ## - NÚMERO DE LA CLASIFICACIÓN DECIMAL UNIVERSAL
Número de la Clasificación Decimal Universal 910.4(7/8)"14/15"(093)
245 00 - MENCIÓN DEL TÍTULO
Título Historiadores de Indias /
Mención de responsabilidad, etc. selección, estudio preliminar y notas por Germán Arciniegas.
260 ## - PUBLICACIÓN, DISTRIBUCIÓN, ETC.
Lugar de publicación, distribución, etc. Barcelona :
Nombre del editor, distribuidor, etc. Océano-Éxito :
-- Instituto Gallach,
Fecha de publicación, distribución, etc. D. L. 1987.
300 ## - DESCRIPCIÓN FÍSICA
Extensión XX, 444 p. ;
Dimensiones 22 cm.
651 #4 - PUNTO DE ACCESO ADICIONAL DE MATERIA--NOMBRE GEOGRÁFICO
Nombre geográfico América española-
Subdivisión general Historia-
Subdivisión cronológica 1492-1600 (Descubrimiento y conquista)-
Subdivisión de forma Fuentes
9 (RLIN) 7725
700 0# - ENTRADA AGREGADA--NOMBRE PERSONAL
Nombre de persona Arciniegas, Germán.
9 (RLIN) 22498
852 ## - LOCALIZACIÓN
Ubicación ES-MaACL
Número de control de estantería E-14777
Holdings
Estatus retirado Estado de pérdida Estado de daño No para préstamo Biblioteca de origen Biblioteca actual Ubicación en estantería Fecha de adquisición Fuente de adquisición Total de préstamos Signatura topográfica completa Código de barras Visto por última vez Precio de reemplazo Tipo de ítem Koha
        Biblioteca del Ateneo de Madrid Biblioteca del Ateneo de Madrid Depósito 2 01/04/2011     E-14777 1186506 23/02/2023 23/02/2023 Libro impreso